00849nam a22002177a 450000500170000001000150001702000260003203500140005803700090007208200140008110000340009524500770012925000060020626000680021227000900028030000250037070000370039594200250043299900190045795201550047620241114170615.0 aENG-142615 a9789356063983c670.00 aEN-126147 bDBAD a610.7324 aTabloski, Patricia A. 973967 aGenetics And Genomics For Nursing/cBy Carole Kenner and Judith A. Lewis a1 aUttar PradeshbPearson India Education Services Pvt. Ltd.c2025 a1st Floor, Berger Tower, Plot No. C-001A/2, Sector 16BbNoida (Uttar Pradesh)e201301 axxi, 383p.c28cm(pb) aLewis, Judith A. eAuthor973968 2ddccENh610.73mKEN c206997d206997 001040708NFICaBNbBNd2024-11-14eDelivery of Books Act Divisiong670.00l0o610.73 KENpEN-126147r2024-11-14 00:00:00t1v670.00w2024-11-14yEN